000 00549cam a2200193 4500
008 090401t1987 xxu||||| |||| 00| 0 eng d
020 _a0906600952
035 _a(Sirsi) u29557
041 _aeng
050 _a692.5
110 _aChartered Institute of Building
_92134
245 _aCode of estimating practice . Supplement No. 1: refurbishment and modernisation
260 _aAscot,Berks
_bChartered Institute of Building
_c1987
300 _aviii,28p. ; 30cm.
350 _a4
650 _aESTIMATING
942 _n0
948 _c04/03/1997
999 _c89439
_d89439